<?xml version="1.0" encoding="UTF-8"?>
<record
    xmlns:xsi="http://www.w3.org/2001/XMLSchema-instance"
    xsi:schemaLocation="http://www.loc.gov/MARC21/slim http://www.loc.gov/standards/marcxml/schema/MARC21slim.xsd"
    xmlns="http://www.loc.gov/MARC21/slim">

  <leader>01644nam a22002897a 4500</leader>
  <datafield tag="999" ind1=" " ind2=" ">
    <subfield code="c">21906</subfield>
    <subfield code="d">21906</subfield>
  </datafield>
  <controlfield tag="003">AR-CdUCM</controlfield>
  <controlfield tag="008">190425b           ||||| |||| 00| 0 spa d</controlfield>
  <datafield tag="040" ind1=" " ind2=" ">
    <subfield code="a">MUNICIPALIDAD PROVINCIAL DEL CUSCO</subfield>
    <subfield code="c">BIBLIOTECA MUNICIPAL DEL CUSCO</subfield>
  </datafield>
  <datafield tag="082" ind1=" " ind2=" ">
    <subfield code="a">Rev.FD/N&#xB0;8/1997</subfield>
  </datafield>
  <datafield tag="110" ind1=" " ind2=" ">
    <subfield code="a">Universidad Nacional De San Antonio Abad del Cuzco</subfield>
    <subfield code="9">14483</subfield>
  </datafield>
  <datafield tag="245" ind1=" " ind2=" ">
    <subfield code="a">Revista de la Facultad de Derecho y Ciencias Pol&#xED;ticas /</subfield>
    <subfield code="c">Universidad Nacional de San Antonio Abad del Cuzco</subfield>
  </datafield>
  <datafield tag="260" ind1=" " ind2=" ">
    <subfield code="a">Cusco :</subfield>
    <subfield code="b">UNSAAC,</subfield>
    <subfield code="c">1997.</subfield>
  </datafield>
  <datafield tag="300" ind1=" " ind2=" ">
    <subfield code="a">413 p&#xE1;ginas. :</subfield>
    <subfield code="c">21 cm.</subfield>
  </datafield>
  <datafield tag="440" ind1=" " ind2=" ">
    <subfield code="a">Revista de la Facultad de Derecho y Ciencias Pol&#xED;ticas.</subfield>
    <subfield code="n">N&#xB0;8, 1997.</subfield>
    <subfield code="9">46776</subfield>
  </datafield>
  <datafield tag="505" ind1=" " ind2=" ">
    <subfield code="a">Contenido: Cuadro de autoridades de la facultad. -- Historia de la facultad de Derecho y Ciencias Pol&#xED;ticas de la UNSAAC. -- Algunos conceptos sobre derecho procesal civil. -- La conciliaci&#xF3;n judicial. -- El peritaje en el proceso civil. -- La doctrina Fujimori y el destino de un pa&#xED;s. -- El tratamiento del matrimonio aut&#xF3;ctono en la ley peruana. -- Marco legal de los estudios de impacto ambiental. -- El estado neoliberal del Per&#xFA; y la Constituci&#xF3;n econ&#xF3;mica de 1993. -- La teor&#xED;a Egol&#xF3;gica del Derecho. -- Los ni&#xF1;os de Jon&#xE1;s cuento.</subfield>
  </datafield>
  <datafield tag="650" ind1=" " ind2=" ">
    <subfield code="a">Derecho del Per&#xFA;</subfield>
    <subfield code="9">46685</subfield>
  </datafield>
  <datafield tag="650" ind1=" " ind2=" ">
    <subfield code="a">Deontolog&#xED;a Jur&#xED;dica</subfield>
    <subfield code="9">46777</subfield>
  </datafield>
  <datafield tag="650" ind1=" " ind2=" ">
    <subfield code="a">Legislaci&#xF3;n ambiental</subfield>
    <subfield code="9">46778</subfield>
  </datafield>
  <datafield tag="650" ind1=" " ind2=" ">
    <subfield code="a">Conciliaci&#xF3;n judicial</subfield>
    <subfield code="9">10957</subfield>
  </datafield>
  <datafield tag="650" ind1=" " ind2=" ">
    <subfield code="a">Facultad de Derecho del Cuzco</subfield>
    <subfield code="9">46697</subfield>
  </datafield>
  <datafield tag="700" ind1=" " ind2=" ">
    <subfield code="a">B&#xE9;jar Quispe, Jos&#xE9;</subfield>
    <subfield code="9">6070</subfield>
  </datafield>
  <datafield tag="700" ind1=" " ind2=" ">
    <subfield code="a">Valc&#xE1;rcel Gamarra, Pedro</subfield>
    <subfield code="9">46716</subfield>
  </datafield>
  <datafield tag="700" ind1=" " ind2=" ">
    <subfield code="a">Carre&#xF1;o Peralta, Elias</subfield>
    <subfield code="9">46779</subfield>
  </datafield>
  <datafield tag="700" ind1=" " ind2=" ">
    <subfield code="a">Villena Aguirre, Arturo</subfield>
    <subfield code="9">1322</subfield>
  </datafield>
  <datafield tag="942" ind1=" " ind2=" ">
    <subfield code="2">ddc</subfield>
    <subfield code="c">PP</subfield>
  </datafield>
  <datafield tag="945" ind1=" " ind2=" ">
    <subfield code="a">rac</subfield>
  </datafield>
  <datafield tag="952" ind1=" " ind2=" ">
    <subfield code="0">0</subfield>
    <subfield code="2">ddc</subfield>
    <subfield code="4">0</subfield>
    <subfield code="7">0</subfield>
    <subfield code="a">HEM</subfield>
    <subfield code="b">HEM</subfield>
    <subfield code="c">CART</subfield>
    <subfield code="d">2021-10-12</subfield>
    <subfield code="g">10.00</subfield>
    <subfield code="o">Rev.FD/N&#xB0;8/1997</subfield>
    <subfield code="p">REVC000419</subfield>
    <subfield code="r">2021-10-12</subfield>
    <subfield code="y">PP</subfield>
  </datafield>
</record>
